000 00640nam a22002177a 4500
003 UA-OsUOA
001 114165
007 ta
008 20151021b un ||||| |||| 00| 0 ukr d
100 _aСюндюков І.
090 _a94(477)
_bС98
942 _cSA
040 _aUA-OsUOA
_bukr
_cUA-OsUOA
_dUA-OsUOA
245 _aЯкий народ є непоборним? Про деякі актуальні уроки історії братньої Болгарії
300 _aС.9
955 _a0
041 _aukr
080 _a94(477)
773 0 _w114162
650 7 _a9 Географія. Біографії. Історія
_2UDC
999 _c400295
_d400295